000 00224nam a22000857a 4500
008 160705b xxu||||| |||| 00| 0 eng d
100 _92261
_aDevi, G, et, al
245 _aThe Princess Remembers
260 _aNew Delhi
_b Vikas
_c1982
999 _c1945
_d1945